00750nam a2200229Ia 4500003000400000005001700004008004100021020001800062040001800080041000800098082002600106245012300132250001200255260005200267300002900319650002600348650004200374650002700416700002300443700002900466700002500495OSt20250125120407.0210716s2015 xx 000 0 und d a9788184249682 cAIMIT LIBRARY aeng a001.0726584 21bBANA aQuality management practices for global excellence /cEdited by Alok Bansal, Yogeshwari Phatak and Raj Kishore Sharma. a1st ed. aNew Delhi :bAllied Publishers Pvt Ltd ,c2015. axvi,472p. ;bPBc24.7 cm aFinance and economics aHuman resource and general management aInformation technology aBansal, Alok., ed. aPhatak, Yogeshwari., ed. aSharma, Raj Kishore.